[Event "Lichtenberger Sommer 2016"]
[Site "?"]
[Date "2016.08.19"]
[Round "7.3"]
[White "George, Tom"]
[Black "Ahmadinia, Ebrahim"]
[Result "0-1"]
[WhiteElo "2044"]
[BlackElo "2357"]
[PlyCount "44"]
[EventDate "2016.??.??"]
[WhiteTeam "SG Stadtilm"]
[BlackTeam "SF 1903 Berlin"]

1. e4 e5 2. Nf3 Nc6 3. d4 exd4 4. Nxd4 Nf6 5. Nxc6 bxc6 6. e5 Qe7 7. Qe2 Nd5 8.
c4 Nb6 9. b3 a5 10. Ba3 Qe6 11. Bxf8 Rxf8 12. g3 a4 13. b4 Ba6 14. Nd2 O-O-O
15. Rc1 f6 16. exf6 Qxf6 17. Bg2 Rde8 18. Ne4 Qe6 19. b5 cxb5 20. cxb5 Bb7 21.
Qc2 Na8 22. Qxa4 Bxe4 0-1

[Event "Lichtenberger Sommer 2016"]
[Site "?"]
[Date "2016.08.19"]
[Round "7.4"]
[White "Melamed, Tatjana"]
[Black "Rosmann, Ilja"]
[Result "1/2-1/2"]
[WhiteElo "2318"]
[BlackElo "2289"]
[PlyCount "34"]
[EventDate "2016.??.??"]
[WhiteTeam "AE Magdeburg"]
[BlackTeam "Königsspr. SC"]

1. e4 e6 2. d4 d5 3. Nd2 c5 4. Ngf3 cxd4 5. Nxd4 Nc6 6. Bb5 Bd7 7. Nxc6 Bxc6 8.
Bxc6+ bxc6 9. c4 Nf6 10. Qa4 Qd7 11. O-O dxe4 12. Re1 Rd8 13. Nf1 Be7 14. Bg5
c5 15. Qxd7+ Rxd7 16. Ng3 O-O 17. Nxe4 Nxe4 1/2-1/2

[Event "Lichtenberger Sommer 2016"]
[Site "?"]
[Date "2016.08.19"]
[Round "7.6"]
[White "Förster, Jonas"]
[Black "Schneider, Christian"]
[Result "1/2-1/2"]
[WhiteElo "2289"]
[BlackElo "2220"]
[PlyCount "112"]
[EventDate "2016.??.??"]
[WhiteTeam "SV Empor Berlin"]
[BlackTeam "SG Stadtilm"]

1. d4 Nf6 2. c4 e6 3. Nf3 Bb4+ 4. Nbd2 b6 5. g3 Bb7 6. Bg2 O-O 7. O-O Bxd2 8.
Bxd2 d6 9. b4 Nbd7 10. Qb3 Qe7 11. Rfd1 e5 12. d5 b5 13. Bg5 bxc4 14. Qxc4 Nb6
15. Qb3 e4 16. Nh4 Bxd5 17. Qc3 Rfe8 18. a4 Qe5 19. Bxf6 gxf6 20. Rac1 Rac8 21.
a5 Nd7 22. Qe3 c5 23. b5 Nf8 24. f4 exf3 25. Qxe5 Rxe5 26. Nxf3 Bxf3 27. Bxf3
Rb8 28. b6 axb6 29. a6 Re7 30. Rxd6 Ne6 31. Bb7 Rbxb7 32. axb7 Rxb7 33. Kf2 Kf8
34. Ke3 Ke7 35. Rd5 b5 36. Kd2 Ra7 37. h4 Nd4 38. Rb1 Ra2+ 39. Kd1 Nxe2 40.
Rxc5 Nxg3 41. Rbxb5 Kf8 42. Rc7 Ne4 43. Rbb7 Nd6 44. Rb6 Ne8 45. Rc8 Ra4 46. h5
h6 47. Ke2 Re4+ 48. Kf3 Re6 49. Rbb8 Re5 50. Kf4 Re1 51. Rd8 Re7 52. Ra8 Re6
53. Ra7 Re7 54. Rdd7 Rxd7 55. Rxd7 Ng7 56. Rd8+ Ne8 1/2-1/2

[Event "Lichtenberger Sommer 2016"]
[Site "?"]
[Date "2016.08.19"]
[Round "7.7"]
[White "Figura, Atila Gajo"]
[Black "Giemsa, Stephan"]
[Result "1-0"]
[WhiteElo "2374"]
[BlackElo "2261"]
[PlyCount "107"]
[EventDate "2016.??.??"]
[WhiteTeam "SC Kreuzberg"]
[BlackTeam "SK König Tegel"]

1. Nf3 d5 2. b3 Bf5 3. Bb2 e6 4. g3 Nf6 5. Bg2 Be7 6. O-O h6 7. d3 O-O 8. Nbd2
Nbd7 9. Qe1 Bh7 10. e4 dxe4 11. dxe4 a5 12. a3 Nc5 13. Rd1 Qb8 14. Ne5 Rd8 15.
Qe2 Nfd7 16. Ng4 Qa7 17. h4 f6 18. Bh3 Qa6 19. Qe3 e5 20. b4 axb4 21. axb4 Na4
22. Ra1 b5 23. Ba3 Kh8 24. Rfc1 Qb6 25. c4 c5 26. bxc5 Bxc5 27. Bxc5 Ndxc5 28.
cxb5 Qxb5 29. Nxh6 gxh6 30. Qxh6 Qb7 31. Qxf6+ Qg7 32. Qc6 Ra6 33. Qb5 Rb6 34.
Qa5 Rbb8 35. Nf3 Ra8 36. Qb5 Rab8 37. Qc4 Bg8 38. Qf1 Rb4 39. Ra3 Nxe4 40. Re3
Nac5 41. Bf5 Bh7 42. Bxh7 Qxh7 43. Nxe5 Rf8 44. Qe1 Rb2 45. f3 Qg7 46. Ng4 Rxf3
47. Rxf3 Qxg4 48. Qe3 Kg8 49. Qa3 Qg7 50. Qa8+ Kh7 51. Qd5 Rd2 52. Qh5+ Kg8 53.
Qe8+ Kh7 54. Rf7 1-0

[Event "Lichtenberger Sommer 2016"]
[Site "?"]
[Date "2016.08.19"]
[Round "7.8"]
[White "Gaerths, Ronny"]
[Black "Poetsch, Hagen"]
[Result "0-1"]
[WhiteElo "2169"]
[BlackElo "2501"]
[PlyCount "88"]
[EventDate "2016.??.??"]
[WhiteTeam "SG TT/Wiheil (FV Schach)"]
[BlackTeam "SF Schöneck"]

1. d4 Nf6 2. Bf4 d6 3. e3 Nbd7 4. Nf3 Nh5 5. Bg5 h6 6. Bh4 g5 7. Nfd2 Ndf6 8.
Be2 Ng7 9. Bg3 Nf5 10. Nc3 h5 11. h4 Nxg3 12. fxg3 Bh6 13. hxg5 Bxg5 14. Nde4
Nxe4 15. Nxe4 Bh6 16. Bxh5 c6 17. Qf3 Qa5+ 18. Nc3 Be6 19. O-O-O O-O-O 20. Bxf7
Bxf7 21. Qxf7 Bxe3+ 22. Kb1 Bxd4 23. Rxh8 Bxh8 24. Qe6+ Rd7 25. Ne4 Qe5 26.
Qg8+ Kc7 27. Nc3 Rd8 28. Qg4 d5 29. Rf1 Bf6 30. Nd1 Rh8 31. c3 Rh5 32. Qf3 Rg5
33. g4 Kc8 34. Nf2 Qe6 35. Rd1 Re5 36. a3 Re2 37. Ka1 Re3 38. Qf4 Qe5 39. Qb4
Qg3 40. Rd2 Rxc3 41. Nd1 Rc4 42. Qa5 Qb3 43. Kb1 Bg5 44. g3 e5 0-1

[Event "Lichtenberger Sommer 2016"]
[Site "?"]
[Date "2016.08.19"]
[Round "7.9"]
[White "Moser, Axel"]
[Black "Rietze, Clemens"]
[Result "1/2-1/2"]
[WhiteElo "2137"]
[BlackElo "2368"]
[PlyCount "62"]
[EventDate "2016.??.??"]
[WhiteTeam "SK Handschuhsheim"]
[BlackTeam "SC Rotation Pankow"]

1. d4 f5 2. c4 Nf6 3. Nc3 d6 4. Bg5 Nbd7 5. Qc2 g6 6. h4 Bg7 7. O-O-O c5 8. e3
Qa5 9. Kb1 a6 10. Nh3 h6 11. Bxf6 Nxf6 12. Nf4 Kf7 13. Be2 h5 14. Nh3 Rf8 15.
f3 Bh6 16. Ng5+ Kg7 17. Bd3 Bd7 18. Ne2 e5 19. dxe5 dxe5 20. Rhg1 Rad8 21. Nc3
Kh8 22. Be2 Qc7 23. Rd2 Bc8 24. Rgd1 Kg8 25. Ka1 Rfe8 26. Kb1 Bf8 27. g4 hxg4
28. fxg4 Be7 29. gxf5 Rxd2 30. Rxd2 gxf5 31. Rd1 Bf8 1/2-1/2

[Event "Lichtenberger Sommer 2016"]
[Site "?"]
[Date "2016.08.19"]
[Round "7.10"]
[White "Dimitrijeski, Kristian"]
[Black "Federau, Jürgen"]
[Result "1/2-1/2"]
[WhiteElo "2212"]
[BlackElo "2094"]
[PlyCount "91"]
[EventDate "2016.??.??"]
[WhiteTeam "SK König Tegel"]
[BlackTeam "SC Kreuzberg"]

1. d4 Nf6 2. c4 e6 3. Nc3 d5 4. cxd5 exd5 5. Bg5 c6 6. e3 Be7 7. Bd3 Nbd7 8.
Qc2 Nh5 9. Bxe7 Qxe7 10. Nge2 g6 11. O-O O-O 12. Rab1 a5 13. a3 f5 14. Ng3 Nxg3
15. hxg3 Nf6 16. b4 Ng4 17. Be2 axb4 18. axb4 Bd7 19. Bxg4 fxg4 20. Qb2 Bf5 21.
Ra1 Bd3 22. Rfd1 Bc4 23. b5 cxb5 24. Nxb5 Bxb5 25. Qxb5 Qf7 26. Qe2 h5 27. Rab1
Ra6 28. Rb2 Rfa8 29. Qb5 Ra1 30. Rxa1 Rxa1+ 31. Kh2 Ra7 32. Qb6 Ra6 33. Qxb7
Qxb7 34. Rxb7 Ra2 35. Rd7 Rxf2 36. Rxd5 Re2 37. Re5 Re1 38. e4 Kg7 39. d5 Rd1
40. Re8 Kf6 41. e5+ Kf7 42. Rd8 Ke7 43. Rd6 Re1 44. Re6+ Kd7 45. Rd6+ Ke7 46.
Re6+ 1/2-1/2

[Event "Lichtenberger Sommer 2016"]
[Site "?"]
[Date "2016.08.19"]
[Round "7.11"]
[White "Koop, Thilo"]
[Black "Frohberg, Marco"]
[Result "1/2-1/2"]
[WhiteElo "2156"]
[BlackElo "2197"]
[PlyCount "28"]
[EventDate "2016.??.??"]
[WhiteTeam "Lübecker SV"]
[BlackTeam "Lübecker SV"]

1. d4 f5 2. c4 Nf6 3. Nc3 g6 4. g3 Bg7 5. Bg2 O-O 6. Nf3 d6 7. O-O Qe8 8. d5
Na6 9. Rb1 Bd7 10. b4 c6 11. dxc6 bxc6 12. a3 Nc7 13. Bb2 Ne6 14. e3 Nd8
1/2-1/2

[Event "Lichtenberger Sommer 2016"]
[Site "?"]
[Date "2016.08.19"]
[Round "7.12"]
[White "Simon, Ralf-Axel"]
[Black "Sabrowski, Uwe"]
[Result "0-1"]
[WhiteElo "2162"]
[BlackElo "2104"]
[PlyCount "66"]
[EventDate "2016.??.??"]
[WhiteTeam "TSG Neuruppin"]
[BlackTeam "SC Friesen Lichtenberg"]

1. Nf3 Nf6 2. c4 g6 3. Nc3 Bg7 4. e4 d6 5. d4 O-O 6. Be2 e5 7. O-O Nc6 8. d5
Ne7 9. Ne1 Nd7 10. Be3 f5 11. f3 f4 12. Bf2 g5 13. Rc1 Rf7 14. Nd3 Bf8 15. b4
Nf6 16. c5 Bd7 17. b5 h5 18. c6 bxc6 19. bxc6 Bc8 20. Nb5 g4 21. Kh1 Ng6 22.
Re1 h4 23. Bg1 Nh5 24. Nf2 Ng3+ 25. hxg3 hxg3 26. fxg4 Qh4+ 27. Nh3 f3 28. Bxf3
Nf4 29. Be3 Nxh3 30. gxh3 Qxh3+ 31. Kg1 Qh2+ 32. Kf1 Bxg4 33. Rc2 Bh3+ 0-1

[Event "Lichtenberger Sommer 2016"]
[Site "?"]
[Date "2016.08.19"]
[Round "7.13"]
[White "Böhm, Jürgen"]
[Black "Teichert, Felix"]
[Result "1/2-1/2"]
[WhiteElo "2168"]
[BlackElo "1774"]
[PlyCount "34"]
[EventDate "2016.??.??"]
[WhiteTeam "SF Brackel"]
[BlackTeam "Leegebrucher SF"]

1. d4 Nf6 2. Bg5 d5 3. Bxf6 exf6 4. e3 Be6 5. g3 Nd7 6. Bg2 f5 7. Ne2 Bd6 8. b3
c6 9. Qd3 Nf6 10. O-O h5 11. c4 Qd7 12. Nbc3 Ne4 13. cxd5 cxd5 14. f3 Nf6 15.
Nf4 h4 16. Kf2 Rc8 17. Rac1 g5 1/2-1/2

[Event "Lichtenberger Sommer 2016"]
[Site "?"]
[Date "2016.08.19"]
[Round "7.14"]
[White "Kapp, Martin"]
[Black "Schulz, Michael"]
[Result "0-1"]
[WhiteElo "2305"]
[BlackElo "2120"]
[PlyCount "82"]
[EventDate "2016.??.??"]
[WhiteTeam "ESV Lok Raw Cottbus"]
[BlackTeam "SC Zitadelle Spandau"]

1. d4 Nf6 2. c4 c5 3. d5 e6 4. Nc3 exd5 5. cxd5 d6 6. e4 g6 7. Nf3 Bg7 8. h3 a6
9. a4 Nbd7 10. Bd3 Nh5 11. Bg5 Bf6 12. Bh6 Ne5 13. Be2 Nxf3+ 14. Bxf3 Ng7 15.
Qd2 O-O 16. O-O Be5 17. Bf4 Qe7 18. Rfe1 Bd7 19. Be2 f6 20. Ra3 Rae8 21. Bf1
Nh5 22. Bh6 Ng7 23. Kh1 Rf7 24. Bxg7 Kxg7 25. Ne2 f5 26. exf5 Rxf5 27. Ng3 Rf4
28. Ne4 Bf5 29. Rae3 Bxe4 30. Rxe4 Rxe4 31. Rxe4 Qf6 32. Re2 b5 33. g3 g5 34.
axb5 axb5 35. Re4 c4 36. f4 Bxf4 37. Rxf4 gxf4 38. gxf4 Rf8 39. b3 cxb3 40.
Bxb5 Qa1+ 41. Kh2 Qa2 0-1

[Event "Lichtenberger Sommer 2016"]
[Site "?"]
[Date "2016.08.19"]
[Round "7.15"]
[White "Kornrumpf, Joachim"]
[Black "Hansch, Karsten"]
[Result "1/2-1/2"]
[WhiteElo "2076"]
[BlackElo "2265"]
[PlyCount "24"]
[EventDate "2016.??.??"]
[WhiteTeam "Preetzer TSV"]
[BlackTeam "SC Empor Potsdam"]

1. b3 c5 2. Bb2 d5 3. Nf3 Nc6 4. e3 e6 5. d4 cxd4 6. Nxd4 Nf6 7. Be2 Be7 8. O-O
O-O 9. Nd2 Nxd4 10. Bxd4 b6 11. c4 Bb7 12. Qc2 Nd7 1/2-1/2

[Event "Lichtenberger Sommer 2016"]
[Site "?"]
[Date "2016.08.19"]
[Round "7.16"]
[White "Rehberg, Raphael"]
[Black "Jahn, Thomas"]
[Result "1-0"]
[WhiteElo "2248"]
[BlackElo "2195"]
[PlyCount "79"]
[EventDate "2016.??.??"]
[WhiteTeam "SG Lok Brandenburg"]
[BlackTeam "SV Empor Berlin"]

1. e4 e5 2. Nf3 Nc6 3. Bc4 Nf6 4. d3 Be7 5. Bb3 O-O 6. Nbd2 d5 7. c3 Bg4 8. h3
Bh5 9. Qe2 dxe4 10. dxe4 Nd7 11. g4 Bg6 12. Nf1 Na5 13. Bc2 c5 14. b3 Rc8 15.
Ng3 Re8 16. h4 f6 17. g5 Bf7 18. Nf5 Nf8 19. h5 fxg5 20. h6 Bf6 21. Nxg7 Ne6
22. Nxe8 Bxe8 23. Nh2 Nf4 24. Bxf4 exf4 25. e5 Be7 26. Qd3 Qxd3 27. Bxd3 c4 28.
bxc4 Nxc4 29. Nf3 Rc5 30. Bxc4+ Rxc4 31. Rg1 Rxc3 32. Nxg5 Bg6 33. Ne6 Rc4 34.
Rg4 Kf7 35. Rxf4+ Rxf4 36. Nxf4 Bf5 37. Rc1 Bg5 38. Rc7+ Kf8 39. e6 Ke8 40. Rc5
1-0

[Event "Lichtenberger Sommer 2016"]
[Site "?"]
[Date "2016.08.19"]
[Round "7.17"]
[White "Schnabel, Ralf"]
[Black "Stiemerling, Wilfried"]
[Result "1/2-1/2"]
[WhiteElo "2235"]
[BlackElo "2117"]
[PlyCount "46"]
[EventDate "2016.??.??"]
[WhiteTeam "ESV Nickelhütte Aue"]
[BlackTeam "BSG Pneumant Fürstenwalde"]

1. e4 e6 2. d4 d5 3. Nd2 c5 4. Ngf3 Nc6 5. exd5 exd5 6. Bb5 Bd6 7. dxc5 Qe7+ 8.
Be2 Bxc5 9. Nb3 Be6 10. Nxc5 Qxc5 11. c3 Nf6 12. Be3 Qe7 13. O-O O-O 14. Re1
Qc7 15. h3 Rfe8 16. Qa4 Bxh3 17. Qf4 Qxf4 18. Bxf4 Be6 19. Rad1 a6 20. Nd4 Bd7
21. Nxc6 Bxc6 22. f3 h6 23. Kf2 Rad8 1/2-1/2

[Event "Lichtenberger Sommer 2016"]
[Site "?"]
[Date "2016.08.19"]
[Round "7.18"]
[White "Albert, Jörg"]
[Black "Pluska, Alexander"]
[Result "0-1"]
[WhiteElo "2149"]
[BlackElo "2116"]
[PlyCount "84"]
[EventDate "2016.??.??"]
[WhiteTeam "SV Eiche Reichenbrand"]
[BlackTeam "SK Doppelbauer Kiel"]

1. d4 Nf6 2. Nf3 e6 3. e3 b6 4. Bd3 Bb7 5. Nbd2 d5 6. Ne5 Bd6 7. f4 Nbd7 8. Qf3
Qe7 9. a4 a6 10. O-O c5 11. c3 h6 12. e4 cxd4 13. cxd4 dxe4 14. Nxe4 Nxe4 15.
Bxe4 Bxe4 16. Qxe4 O-O 17. Bd2 Nf6 18. Qf3 Rac8 19. Rae1 Nd5 20. f5 Bb4 21.
Bxb4 Qxb4 22. Qe4 Nf6 23. Qh4 exf5 24. Rxf5 Rfd8 25. Nf3 Re8 26. Rf1 Qxb2 27.
Qg3 Rc1 28. Re5 Rxf1+ 29. Kxf1 Qa1+ 30. Qe1 Qxe1+ 31. Kxe1 Rxe5+ 32. Nxe5 Nd5
33. Kd2 f6 34. Nf3 Kf7 35. g3 Ke6 36. Kd3 b5 37. axb5 axb5 38. Nd2 Nb4+ 39. Ke4
f5+ 40. Ke3 Kd5 41. Nf3 Nc6 42. h4 b4 0-1

[Event "Lichtenberger Sommer 2016"]
[Site "?"]
[Date "2016.08.19"]
[Round "7.19"]
[White "Goldenstein, Arnd"]
[Black "Hermannsdörfer, Frank"]
[Result "1/2-1/2"]
[WhiteElo "2016"]
[BlackElo "2188"]
[PlyCount "64"]
[EventDate "2016.??.??"]
[WhiteTeam "Klub Kölner SF"]
[BlackTeam "SV Liebschwitz"]

1. d4 d6 2. c4 e5 3. g3 exd4 4. Qxd4 Nc6 5. Qc3 Be6 6. Bg2 Nf6 7. Nf3 d5 8. O-O
Bb4 9. Qc2 O-O 10. a3 Be7 11. cxd5 Qxd5 12. Ng5 Qb3 13. Qxb3 Bxb3 14. Nc3 h6
15. Nf3 Rad8 16. Bf4 Bd6 17. Bxd6 Rxd6 18. e4 Re6 19. e5 Nxe5 20. Nxe5 Rxe5 21.
Bxb7 Nd7 22. Bc6 Nc5 23. Rfe1 Nd3 24. Rxe5 Nxe5 25. Bd5 Rb8 26. Bxb3 Rxb3 27.
Na4 Nd3 28. Kf1 g5 29. Ke2 g4 30. Rd1 Ne5 31. Rd4 f6 32. Kd1 Rf3 1/2-1/2

[Event "Lichtenberger Sommer 2016"]
[Site "?"]
[Date "2016.08.19"]
[Round "7.20"]
[White "Wierzbicki, Jirawat"]
[Black "Barath M"]
[Result "0-1"]
[WhiteElo "2051"]
[BlackElo "2107"]
[PlyCount "76"]
[EventDate "2016.??.??"]
[WhiteTeam "SK König Tegel"]
[BlackTeam "SC Zugzwang 95 (Berlin)"]

1. e4 c5 2. Nf3 d6 3. Bc4 Nf6 4. d3 Nc6 5. c3 g6 6. O-O Bg7 7. Bb3 O-O 8. Re1
e5 9. Nbd2 Be6 10. Nf1 h6 11. Ng3 d5 12. Qe2 a5 13. Ba4 Nd7 14. Rd1 d4 15. cxd4
cxd4 16. Ne1 Qb8 17. Qd2 b5 18. Bc2 Qd6 19. f4 Bg4 20. Nf3 exf4 21. Qxf4 Nde5
22. Rf1 h5 23. Kh1 Nb4 24. Bb1 Bxf3 25. gxf3 Qd7 26. Qd2 h4 27. Ne2 Qh3 28. Rf2
Nxf3 29. Qf4 Ne5 30. Ng1 Qe6 31. Rd2 Ng4 32. h3 Rac8 33. Rg2 Ne5 34. Qf1 f5 35.
exf5 Rxf5 36. Qd1 Qf6 37. Qb3+ Kh7 38. Bd2 Rf1 0-1

[Event "Lichtenberger Sommer 2016"]
[Site "?"]
[Date "2016.08.19"]
[Round "7.21"]
[White "Amelang, Thomas"]
[Black "Shapiro, Yosip"]
[Result "1-0"]
[WhiteElo "2169"]
[BlackElo "2090"]
[PlyCount "89"]
[EventDate "2016.??.??"]
[WhiteTeam "SK Siemens München"]
[BlackTeam "SV Berolina Mitte"]

1. e4 c6 2. d4 d5 3. exd5 cxd5 4. Bd3 Nc6 5. Nf3 Nf6 6. c3 Bg4 7. h3 Bh5 8. Bf4
Bg6 9. Bb5 Nd7 10. Qe2 e6 11. Ne5 Ncxe5 12. Bxe5 a6 13. Bd3 Nxe5 14. dxe5 Bxd3
15. Qxd3 Qg5 16. O-O Qxe5 17. Nd2 Bd6 18. f4 Bc5+ 19. Kh1 Qe3 20. Qc2 O-O 21.
Nb3 Ba7 22. Rae1 Qg3 23. Qd2 Rac8 24. Nc1 Rfd8 25. Rf3 Qg6 26. Ne2 d4 27. cxd4
Rc2 28. Qa5 Rdc8 29. f5 exf5 30. Rxf5 Bxd4 31. Rg5 Qb6 32. Nxd4 Qxd4 33. Rd5
Qf6 34. Qa4 g6 35. Qd7 Qc6 36. Re7 Qf6 37. Rd1 b5 38. b3 Qc6 39. Qg4 Rc1 40.
Rxc1 Qxc1+ 41. Kh2 Qc5 42. Qd7 Rc6 43. Qe8+ Kg7 44. Qxf7+ Kh6 45. Qg7+ 1-0

[Event "Lichtenberger Sommer 2016"]
[Site "?"]
[Date "2016.08.19"]
[Round "7.22"]
[White "Kötz, Andreas"]
[Black "Möller, Dustin"]
[Result "0-1"]
[WhiteElo "2027"]
[BlackElo "1985"]
[PlyCount "112"]
[EventDate "2016.??.??"]
[WhiteTeam "SC Zitadelle Spandau"]
[BlackTeam "Eckernförder SC"]

1. d4 Nf6 2. c4 e6 3. g3 d5 4. Bg2 Be7 5. Nf3 O-O 6. O-O dxc4 7. Qc2 a6 8. Qxc4
b5 9. Qc2 Bb7 10. Bf4 Nc6 11. Rd1 Nb4 12. Qc1 Nbd5 13. Nc3 Rc8 14. Bg5 c5 15.
dxc5 Rxc5 16. Qd2 Nxc3 17. bxc3 Qxd2 18. Bxd2 Rd8 19. a4 bxa4 20. Rxa4 Nd5 21.
Nd4 Bf6 22. Raa1 Nxc3 23. Bxc3 Bxg2 24. Bb2 Bb7 25. e3 Rcd5 26. Rdb1 R5d7 27.
Rc1 Rc8 28. Rxc8+ Bxc8 29. Kf1 Bb7 30. Ke2 h6 31. Ra4 e5 32. Nc2 Bc6 33. Ra1
Bb5+ 34. Ke1 Bc4 35. f4 Rd5 36. Bxe5 Bxe5 37. fxe5 Rxe5 38. Kd2 Bb5 39. Nd4 Kh7
40. Nxb5 axb5 41. Rb1 Rd5+ 42. Ke2 Kg6 43. Rb4 Kf6 44. e4 Rc5 45. Kd3 Ke5 46.
h4 h5 47. Rb1 Kd6 48. Ra1 Rc7 49. Ra6+ Kc5 50. Kc3 b4+ 51. Kb3 Kd4 52. e5 Kxe5
53. Ra5+ Kf6 54. Rxh5 Rc3+ 55. Kxb4 Rxg3 56. Kc4 g6 0-1

[Event "Lichtenberger Sommer 2016"]
[Site "?"]
[Date "2016.08.19"]
[Round "7.23"]
[White "Roth, Josef"]
[Black "Schmidt, Jürgen"]
[Result "1/2-1/2"]
[WhiteElo "2091"]
[BlackElo "1944"]
[PlyCount "57"]
[EventDate "2016.??.??"]
[WhiteTeam "SK König Tegel"]
[BlackTeam "SC Kreuzberg"]

1. e4 e5 2. Nf3 Nc6 3. Bc4 Bc5 4. c3 d6 5. d4 exd4 6. cxd4 Bb4+ 7. Bd2 Bxd2+ 8.
Nbxd2 Nh6 9. O-O O-O 10. h3 Kh8 11. Re1 Ne7 12. Qb3 Ng6 13. Nf1 a5 14. a4 c6
15. Ng3 Nh4 16. Nxh4 Qxh4 17. Qa3 Qd8 18. Rad1 Rb8 19. Qd3 f5 20. e5 d5 21. Ba2
f4 22. Bb1 g6 23. e6 fxg3 24. Qxg3 Bxe6 25. Rxe6 Nf5 26. Qe5+ Kg8 27. Re1 Ng7
28. Re7 Qxe7 29. Qxe7 1/2-1/2

[Event "Lichtenberger Sommer 2016"]
[Site "?"]
[Date "2016.08.19"]
[Round "7.24"]
[White "Oginski, Ulrich"]
[Black "Schliebener, Stephan"]
[Result "1/2-1/2"]
[WhiteElo "1769"]
[BlackElo "2207"]
[PlyCount "56"]
[EventDate "2016.??.??"]
[WhiteTeam "SC Weisse Dame (Berlin)"]
[BlackTeam "BSV 63 Chemie Weißensee"]

1. c4 e5 2. g3 Nf6 3. Bg2 c6 4. d4 e4 5. Bg5 d5 6. cxd5 cxd5 7. Nc3 Bb4 8. Bxf6
Qxf6 9. e3 Bxc3+ 10. bxc3 Qc6 11. Ne2 O-O 12. O-O Nd7 13. f3 Nf6 14. fxe4 dxe4
15. d5 Qc4 16. Qc2 Rd8 17. Nf4 g5 18. Nh3 Nxd5 19. Qf2 f5 20. Nxg5 h6 21. Nh3
Qxc3 22. Rfe1 Bd7 23. Nf4 Nf6 24. Rac1 Qa5 25. Bf1 Kg7 26. Qb2 Qb6 27. Nh5+ Kg6
28. Nf4+ Kg7 1/2-1/2

[Event "Lichtenberger Sommer 2016"]
[Site "?"]
[Date "2016.08.19"]
[Round "7.25"]
[White "Püschel, Werner"]
[Black "Schiffer, Stefan"]
[Result "0-1"]
[WhiteElo "2028"]
[BlackElo "2237"]
[PlyCount "182"]
[EventDate "2016.??.??"]
[WhiteTeam "Lasker Steglitz-Wilmersdorf"]
[BlackTeam "Brühler SK"]

1. c3 d5 2. d3 Nf6 3. g3 e5 4. Bg2 c6 5. Nd2 Bg4 6. Qc2 Bd6 7. h3 Bh5 8. Ngf3
O-O 9. e4 Nbd7 10. g4 Bg6 11. Nh4 Bc5 12. Nxg6 fxg6 13. Nf3 dxe4 14. dxe4 Qe7
15. Bg5 h6 16. Bh4 Qe6 17. Nd2 Ne8 18. Qb3 Nc7 19. O-O Rf7 20. Rad1 Raf8 21.
Qxe6 Nxe6 22. Nc4 g5 23. Bg3 Nf4 24. Rd2 Re7 25. b4 Bb6 26. Nd6 Nf6 27. Nf5 Re6
28. Re1 g6 29. Nd6 Re7 30. Bf1 Kg7 31. Kh2 Rd8 32. Bxf4 gxf4 33. f3 Red7 34.
Red1 Kf8 35. Rd3 Ke7 36. Nc4 Ke6 37. a4 Bc7 38. Rxd7 Nxd7 39. Nb2 a5 40. Bc4+
Kf6 41. Kg2 Ke7 42. Kf1 Bb6 43. Ke2 axb4 44. cxb4 Bd4 45. Nd3 g5 46. a5 h5 47.
gxh5 Nf6 48. b5 cxb5 49. Bxb5 Ra8 50. Rc1 Rxa5 51. Rc7+ Kd6 52. Rxb7 Nxh5 53.
Bc4 Ra1 54. Rh7 Ng3+ 55. Kd2 Rh1 56. Rh6+ Kd7 57. Rg6 Nf1+ 58. Ke2 Ne3 59. Bb5+
Ke7 60. Rg7+ Kf6 61. Rc7 Rxh3 62. Rc6+ Ke7 63. Rc7+ Kd8 64. Rd7+ Kc8 65. Rxd4
Rh2+ 66. Nf2 exd4 67. Ke1 Rh6 68. Nd3 Rh1+ 69. Ke2 Rh2+ 70. Ke1 Ng2+ 71. Kf1
Nh4 72. Ne5 Kc7 73. Be2 Rh1+ 74. Kf2 Ra1 75. Bc4 Rc1 76. Bd3 Rc3 77. Ke2 Rb3
78. Bc2 Re3+ 79. Kf2 Kb7 80. Bb1 Rb3 81. Bd3 Kb6 82. Bc4 Rb2+ 83. Be2 Ra2 84.
Kf1 Kc5 85. Nd3+ Kd6 86. Nb4 Ra1+ 87. Kf2 Ng6 88. Nc2 Ra4 89. Bb5 Ra2 90. Bd3
Ne5 91. Ke2 Kc5 0-1

[Event "Lichtenberger Sommer 2016"]
[Site "?"]
[Date "2016.08.19"]
[Round "7.26"]
[White "Richter, Götz"]
[Black "Vogel, Robert"]
[Result "1/2-1/2"]
[WhiteElo "2009"]
[BlackElo "2215"]
[PlyCount "55"]
[EventDate "2016.??.??"]
[WhiteTeam "Klub Kölner SF"]
[BlackTeam "SG Pang-Rosenheim"]

1. d4 Nf6 2. c4 c5 3. d5 e6 4. Nc3 exd5 5. cxd5 d6 6. Nf3 g6 7. Bf4 Bg7 8. h3
O-O 9. e3 Na6 10. Bxa6 bxa6 11. O-O Rb8 12. Qe2 Re8 13. Rac1 Bf5 14. b3 Ne4 15.
Nxe4 Bxe4 16. Ng5 a5 17. Qa6 Qb6 18. Qc4 Bf5 19. e4 Bd7 20. Rfe1 Bb5 21. Qc2
Qa6 22. Rcd1 a4 23. Nf3 axb3 24. axb3 c4 25. bxc4 Bxc4 26. Nd4 Rec8 27. Qd2 Bb5
28. Ra1 1/2-1/2

[Event "Lichtenberger Sommer 2016"]
[Site "?"]
[Date "2016.08.19"]
[Round "7.27"]
[White "Jaeschke, Jens-Uwe"]
[Black "Jaeger, Andre"]
[Result "1/2-1/2"]
[WhiteElo "2144"]
[BlackElo "1949"]
[PlyCount "117"]
[EventDate "2016.??.??"]
[WhiteTeam "SF Nordost Berlin"]
[BlackTeam "SC Rochade (Berlin)"]

1. d4 Nf6 2. c4 d6 3. Nc3 Bf5 4. g3 Ne4 5. Qb3 Nxc3 6. Qxc3 g6 7. Bg2 c6 8. d5
f6 9. e4 Bd7 10. Ne2 Bg7 11. Be3 c5 12. h4 h5 13. Nf4 Kf7 14. Qc2 Na6 15. Bd2
Nc7 16. e5 dxe5 17. Qxg6+ Kg8 18. Nxh5 Ne8 19. O-O Qc8 20. Nxg7 Nxg7 21. Bh6
Rh7 22. Be4 f5 23. Bc2 a5 24. Qg5 Ra6 25. Bxg7 Rxg7 26. Qe3 f4 27. Qxe5 Bh3 28.
Qxf4 Rf6 29. Qe3 Bxf1 30. Rxf1 Qh3 31. Be4 Qxh4 32. Bg2 Qxc4 33. Rc1 Qd4 34.
Qxd4 cxd4 35. Rd1 Rb6 36. b3 Rb4 37. Kf1 a4 38. Rd3 axb3 39. axb3 Rg6 40. Bh3
Kg7 41. Be6 Kf6 42. f4 Rh6 43. Kg2 Rh8 44. g4 Ra8 45. Rh3 Ra2+ 46. Kg1 d3 47.
g5+ Kg7 48. Rxd3 Rxf4 49. d6 Re4 50. Kf1 Rf4+ 51. Kg1 exd6 52. Rxd6 Kg6 53.
Bc8+ Kxg5 54. Bxb7 Rb4 55. Ra6 Rxa6 56. Bxa6 Rxb3 57. Kf2 Kf4 58. Ke2 Rb6 59.
Bc4 1/2-1/2

[Event "Lichtenberger Sommer 2016"]
[Site "?"]
[Date "2016.08.19"]
[Round "7.28"]
[White "Silz, Elisa"]
[Black "Kohler, Thomas"]
[Result "0-1"]
[WhiteElo "1973"]
[BlackElo "2184"]
[PlyCount "58"]
[EventDate "2016.??.??"]
[WhiteTeam "SV Empor Berlin"]
[BlackTeam "SC Zitadelle Spandau"]

1. d4 Nf6 2. Nf3 c5 3. d5 g6 4. c4 e6 5. Nc3 exd5 6. cxd5 d6 7. e4 Bg7 8. Bb5+
Nbd7 9. Bf4 Qe7 10. O-O O-O 11. Bd3 Ng4 12. Bg5 f6 13. Bd2 Nde5 14. Be2 f5 15.
Nxe5 Qxe5 16. Bxg4 fxg4 17. Rb1 Bd7 18. a4 b6 19. Qe2 Qh5 20. b3 Be5 21. f4
gxf3 22. gxf3 Bh3 23. Rf2 Bd4 24. f4 Bg4 25. Qe1 Bf3 26. Be3 Qg4+ 27. Kf1 Rxf4
28. Bxf4 Qh3+ 29. Kg1 Qg2# 0-1

[Event "Lichtenberger Sommer 2016"]
[Site "?"]
[Date "2016.08.19"]
[Round "7.29"]
[White "Krefenstein, Sergej"]
[Black "Nofal, Jameel"]
[Result "1-0"]
[WhiteElo "2187"]
[BlackElo "1900"]
[PlyCount "165"]
[EventDate "2016.??.??"]
[WhiteTeam "TuS Makkabi Berlin"]
[BlackTeam "vereinslos"]

1. e4 c5 2. Nc3 g6 3. g3 Bg7 4. Bg2 Nc6 5. d3 d6 6. Bg5 Nd4 7. Qd2 Qa5 8. Nf3
h6 9. Be3 Bg4 10. Ng1 Rc8 11. h3 Bd7 12. Nge2 Ba4 13. Rc1 Bc6 14. O-O h5 15.
Rce1 e6 16. f4 Ne7 17. Kh2 f5 18. Ng1 O-O 19. Nf3 Nxf3+ 20. Bxf3 d5 21. exd5
exd5 22. Re2 Kh8 23. d4 c4 24. Bf2 Ng8 25. Rfe1 Nf6 26. Re6 Qd8 27. Qe2 Qd7 28.
Re7 Qd6 29. Re6 Qb4 30. Nd1 Rce8 31. a3 Qa5 32. Nc3 Qd8 33. Qd1 Ne4 34. Rxe8
Rxe8 35. Bxe4 fxe4 36. g4 Qd6 37. Bg3 h4 38. Bxh4 Qxf4+ 39. Bg3 Qg5 40. Rf1 Qe7
41. Ne2 e3 42. Rf3 Qe4 43. Rf4 Qe7 44. Qf1 Kg8 45. Qf3 Qe6 46. Nc3 e2 47. Be1
Qe3 48. Qxe3 Rxe3 49. Kg2 g5 50. Rf5 Bxd4 51. Rxg5+ Kh7 52. Rf5 Be5 53. Kf2 d4
54. Nxe2 Re4 55. Bb4 d3 56. cxd3 cxd3 57. Nc1 d2 58. Bxd2 Bxb2 59. Nd3 Bxa3 60.
Nc5 Rc4 61. Nxb7 Rc2 62. Ke3 Kg6 63. Nd8 Bg2 64. Ne6 Bd6 65. h4 Rc4 66. Nf4+
Bxf4+ 67. Rxf4 Rc5 68. Ra4 Rc7 69. Kf4 Rf7+ 70. Kg3 Bd5 71. Ra6+ Kh7 72. g5 Rd7
73. Be3 Bb7 74. Rxa7 Re7 75. Bc5 Rc7 76. h5 Rg7 77. g6+ Kg8 78. Kf4 Rc7 79. Bd4
Rd7 80. Be5 Re7 81. h6 Rf7+ 82. gxf7+ Kh7 83. Rxb7 1-0